[Event "Calgary int."]
[Site "Calgary CAN"]
[Date "2017.08.03"]
[Round "2.1"]
[White "Gareev, Timur"]
[Black "Chiku-Ratte, Olivier-Kenta"]
[Result "1-0"]
[WhiteElo "2620"]
[BlackElo "2332"]
[PlyCount "191"]
[EventDate "2017.08.02"]
[EventType "swiss"]
[EventRounds "9"]
[EventCountry "CAN"]
[Source "Chess Mix"]
[SourceDate "2017.08.10"]

1. d4 Nf6 2. c3 g6 3. Bg5 Bg7 4. Nd2 O-O 5. e3 d6 6. Bd3 c5 7. Ngf3 b6 8. Bxf6
Bxf6 9. h4 Nc6 10. h5 Bg4 11. Qa4 Qc7 12. hxg6 hxg6 13. Ne4 Bxf3 14. gxf3 Kg7
15. Bb5 Na5 16. dxc5 dxc5 17. O-O-O Rfd8 18. f4 Rxd1+ 19. Qxd1 Qb7 20. Qf3 e6
21. Be2 Rd8 22. Rh3 Qd5 23. Rh7+ Kf8 24. Kb1 Qf5 25. Kc1 Qd5 26. Kb1 Qf5 27.
Kc2 Qd5 28. b3 Bg7 29. c4 Qb7 30. Qh1 Nc6 31. a3 Qa6 32. Rh8+ Ke7 33. Qh4+ Kd7
34. Rxd8+ Nxd8 35. Qh7 Bf8 36. Kb2 Qa5 37. Nc3 Be7 38. Qg7 Qa6 39. Bf3 Qc8 40.
Kc2 a6 41. Bg4 Qc6 42. Nd5 Qd6 43. Bh3 Kc6 44. Nc3 Kc7 45. Bg2 Bf8 46. Qh8 Be7
47. Ne4 Qd7 48. Nd2 Bd6 49. Nf3 Qe7 50. Qg7 Qf8 51. Qh7 Qe7 52. Qh1 Qf6 53. Ng5
e5 54. Ne4 Qe6 55. fxe5 Bxe5 56. f4 Bg7 57. Qh7 Ba1 58. Qh1 Bg7 59. Qe1 Nc6 60.
Qd2 f5 61. Nc3 Ne7 62. Qd3 Qd6 63. b4 Qxd3+ 64. Kxd3 Bxc3 65. Kxc3 Nc8 66. e4
fxe4 67. Bxe4 Ne7 68. Bc2 a5 69. bxa5 bxa5 70. Ba4 Nc6 71. Kd3 Ne7 72. Ke4 Kd6
73. Be8 Nf5 74. Bxg6 Nd4 75. Be8 Nc2 76. Kd3 Nxa3 77. Kc3 Nb1+ 78. Kc2 Na3+ 79.
Kd3 Ke6 80. Bg6 Kf6 81. Be4 a4 82. Kc3 Ke6 83. Bd3 Kf6 84. Kd2 Ke7 85. Ke3 Kd6
86. Ke4 Ke6 87. f5+ Kd6 88. Kf4 Kd7 89. Ke5 Ke7 90. Kd5 Kf6 91. Kxc5 Ke5 92.
Kb4 Nxc4 93. Kxc4 a3 94. Kb3 Kd4 95. f6 Kxd3 96. f7 1-0

[Event "Calgary int."]
[Site "Calgary CAN"]
[Date "2017.08.03"]
[Round "3.7"]
[White "Chiku-Ratte, Olivier-Kenta"]
[Black "Willis, Bradley"]
[Result "1-0"]
[WhiteElo "2332"]
[BlackElo "1991"]
[PlyCount "103"]
[EventDate "2017.08.02"]
[EventType "swiss"]
[EventRounds "9"]
[EventCountry "CAN"]
[Source "Chess Mix"]
[SourceDate "2017.08.10"]

1. d4 Nf6 2. c4 g6 3. Nc3 Bg7 4. e4 O-O 5. f4 d6 6. Nf3 c5 7. d5 Bg4 8. Be2 Ne8
9. O-O Nd7 10. Be3 a6 11. a4 Nc7 12. h3 Bxf3 13. Bxf3 Rb8 14. Qd3 b5 15. axb5
axb5 16. cxb5 Rb6 17. Be2 Qb8 18. Ra5 Rc8 19. Qc4 Rb7 20. Rfa1 Nb6 21. Qa2 Bd4
22. Bf2 Kg7 23. Rd1 Bxf2+ 24. Kxf2 Nca8 25. b3 Qc7 26. Bc4 f6 27. Ra1 Rf8 28.
Qe2 Qb8 29. Nd1 Nc7 30. Ne3 Qe8 31. Ra7 Qb8 32. Qa2 Re8 33. Rxb7 Qxb7 34. Qa7
Rb8 35. Qxb7 Rxb7 36. Ke2 Nca8 37. Kd3 Kf8 38. h4 Nc7 39. h5 Kg7 40. hxg6 hxg6
41. g3 Nc8 42. Ra5 Kf8 43. Nc2 Nb6 44. b4 Ke8 45. bxc5 dxc5 46. Ne3 Nd7 47. Nd1
Kd8 48. Nc3 Kc8 49. Ra1 Nf8 50. Rh1 Kd7 51. Rh8 Rb8 52. e5 1-0

[Event "Calgary int."]
[Site "Calgary CAN"]
[Date "2017.08.04"]
[Round "4.7"]
[White "Haessel, Dale"]
[Black "Chiku-Ratte, Olivier-Kenta"]
[Result "0-1"]
[WhiteElo "2205"]
[BlackElo "2332"]
[PlyCount "50"]
[EventDate "2017.08.02"]
[EventType "swiss"]
[EventRounds "9"]
[EventCountry "CAN"]

1. d4 Nf6 2. c4 g6 3. Nc3 Bg7 4. e4 d6 5. Be2 O-O 6. Be3 c5 7. d5 h6 8. Bf4 e6
9. dxe6 Bxe6 10. Bxd6 Re8 11. e5 Nfd7 12. f4 g5 13. Nf3 gxf4 14. Qd2 Nc6 15.
Qxf4 Nd4 16. O-O f6 17. Bd3 Nxe5 18. Bxe5 fxe5 19. Nxe5 Nc6 20. Nxc6 Qxd3 21.
Rae1 bxc6 22. Rxe6 Rxe6 23. Qf7+ Kh8 24. Qxe6 Bd4+ 25. Rf2 Bxf2+ 0-1

[Event "Calgary int."]
[Site "Calgary CAN"]
[Date "2017.08.05"]
[Round "5.4"]
[White "Chiku-Ratte, Olivier-Kenta"]
[Black "Foisor, Sabina"]
[Result "1/2-1/2"]
[WhiteElo "2332"]
[BlackElo "2358"]
[PlyCount "122"]
[EventDate "2017.08.02"]
[EventType "swiss"]
[EventRounds "9"]
[EventCountry "CAN"]

1. d4 Nf6 2. c4 e6 3. Nc3 Bb4 4. e3 O-O 5. Nge2 Re8 6. a3 Bf8 7. d5 d6 8. g3
Nbd7 9. Bg2 Ne5 10. b3 exd5 11. cxd5 Bg4 12. h3 Bf3 13. O-O c5 14. Bxf3 Nxf3+
15. Kg2 Ng5 16. f3 h6 17. g4 Qd7 18. Ng3 g6 19. h4 Ngh7 20. e4 Bg7 21. Bd2 b5
22. Rc1 a5 23. a4 b4 24. Nb5 Re7 25. Bf4 Ne8 26. Qd2 Bf6 27. Rh1 Be5 28. Bxe5
Rxe5 29. Qxh6 Nef6 30. g5 Nxd5 31. exd5 Rae8 32. Rc2 Rxd5 33. h5 Rxg5 34. hxg6
fxg6 35. Nxd6 Rxg3+ 36. Kxg3 Qxd6+ 37. Qf4 Re5 38. Qc4+ Kg7 39. Kf2 Nf6 40. Rg1
Rd5 41. Re2 Rd4 42. Qc1 Nh5 43. Re4 Nf4 44. Qxf4 Qxf4 45. Rxf4 Rxf4 46. Ke3 Rf5
47. Ke4 Kf6 48. f4 Rh5 49. Rc1 Ke6 50. Rg1 Kf7 51. Rc1 Kf6 52. Rc2 Rf5 53. Rg2
Kf7 54. Rd2 Ke6 55. Rd8 Rh5 56. Ra8 Rh3 57. Ra6+ Ke7 58. Rxa5 Rxb3 59. Rxc5 Ra3
60. a5 b3 61. Rb5 b2 1/2-1/2

[Event "Calgary int."]
[Site "Calgary CAN"]
[Date "2017.08.05"]
[Round "6.5"]
[White "Cao, Jason"]
[Black "Chiku-Ratte, Olivier-Kenta"]
[Result "1/2-1/2"]
[WhiteElo "2328"]
[BlackElo "2332"]
[PlyCount "63"]
[EventDate "2017.08.02"]
[EventType "swiss"]
[EventRounds "9"]
[EventCountry "CAN"]
[Source "Chess Mix"]
[SourceDate "2017.08.10"]

1. e4 c5 2. Nf3 d6 3. d4 cxd4 4. Nxd4 Nf6 5. Nc3 g6 6. Be3 Bg7 7. f3 a6 8. Qd2
Nbd7 9. g4 b5 10. g5 Nh5 11. a4 bxa4 12. Rxa4 Nc5 13. Rc4 Bb7 14. b4 Nd7 15.
Nd5 O-O 16. Be2 e6 17. Nc7 Ne5 18. Nxa8 Nxc4 19. Bxc4 Qxa8 20. O-O d5 21. exd5
Bxd5 22. Bxd5 Qxd5 23. Nb3 Qf5 24. Nc5 e5 25. Qd3 Qxd3 26. cxd3 Rd8 27. Rd1 Nf4
28. Bxf4 exf4 29. Nxa6 Bd4+ 30. Kf1 Rc8 31. Nc5 Rb8 32. Ne4 1/2-1/2

[Event "Calgary int."]
[Site "Calgary CAN"]
[Date "2017.08.06"]
[Round "7.5"]
[White "Chiku-Ratte, Olivier-Kenta"]
[Black "Zhang, Yuanchen"]
[Result "1/2-1/2"]
[WhiteElo "2332"]
[BlackElo "2272"]
[PlyCount "133"]
[EventDate "2017.08.02"]
[EventType "swiss"]
[EventRounds "9"]
[EventCountry "CAN"]

1. d4 Nf6 2. c4 e6 3. Nc3 Bb4 4. f3 d5 5. a3 Bxc3+ 6. bxc3 c5 7. cxd5 Nxd5 8.
dxc5 Qa5 9. e4 Ne7 10. Be3 O-O 11. Qb3 Nec6 12. Bb5 Qc7 13. Ne2 e5 14. O-O Na5
15. Qb4 Na6 16. Bxa6 bxa6 17. Rad1 Rb8 18. Qa4 Be6 19. Rd5 Bxd5 20. exd5 Rb5
21. Rd1 Rxc5 22. Bxc5 Qxc5+ 23. Kh1 Nc4 24. Qc6 Rc8 25. Qxa6 Ne3 26. Rd3 Rb8
27. Qc6 Qc4 28. Rxe3 Qxe2 29. Qe8+ Rxe8 30. Rxe2 f6 31. Kg1 Rc8 32. Rc2 Rc4 33.
Kf2 Kf8 34. Ke3 Ke7 35. Kd3 Ra4 36. c4 Rxa3+ 37. Ke2 Ra4 38. c5 Rd4 39. d6+ Kd7
40. Ra2 Kc6 41. Rxa7 Kxc5 42. Rxg7 Kxd6 43. Rxh7 Ke6 44. Kf2 Kf5 45. Rg7 e4 46.
fxe4+ Rxe4 47. Kf3 Rf4+ 48. Kg3 Ra4 49. Kh3 Ke6 50. g4 Ra3+ 51. Kh4 Ra2 52. h3
Ra3 53. Rb7 Rc3 54. Rb2 Kf7 55. Rg2 Kg6 56. Rd2 Ra3 57. Rd6 Rb3 58. Rd8 Ra3 59.
Rg8+ Kh7 60. Re8 Kg6 61. Re2 Rb3 62. Rg2 Ra3 63. Rg3 Rxg3 64. Kxg3 f5 65. Kf4
fxg4 66. hxg4 Kf6 67. g5+ 1/2-1/2

[Event "Calgary int."]
[Site "Calgary CAN"]
[Date "2017.08.06"]
[Round "8.1"]
[White "Chiku-Ratte, Olivier-Kenta"]
[Black "Mikhalevski, Victor"]
[Result "0-1"]
[WhiteElo "2332"]
[BlackElo "2533"]
[PlyCount "83"]
[EventDate "2017.08.02"]
[EventType "swiss"]
[EventRounds "9"]
[EventCountry "CAN"]
[Source "Chess Mix"]
[SourceDate "2017.08.10"]

1. d4 Nf6 2. c4 e6 3. Nc3 Bb4 4. f3 d5 5. a3 Be7 6. e4 dxe4 7. fxe4 e5 8. d5
Bc5 9. Nf3 Ng4 10. b4 Bf2+ 11. Ke2 c5 12. dxc6 Nxc6 13. Qxd8+ Kxd8 14. h3 Bd4
15. Bd2 Nf6 16. Kd3 Be6 17. Nxd4 Nxd4 18. Be3 Rc8 19. Bxd4 Bxc4+ 20. Ke3 exd4+
21. Kxd4 Be6 22. e5 Nd7 23. Ne4 Ke7 24. Nd6 Rc7 25. Nb5 Rc2 26. Nxa7 Rd8 27.
Ke4 f5+ 28. exf6+ Nxf6+ 29. Ke3 Rf8 30. Bd3 Nd5+ 31. Kd4 Rf4+ 32. Ke5 Rc3 33.
Rhf1 Rh4 34. Rf3 Nf6 35. g4 h5 36. Kd4 hxg4 37. Rxf6 Rxd3+ 38. Kxd3 Rxh3+ 39.
Ke4 gxf6 40. Nb5 Rf3 41. Re1 Rf5 42. Kd4 0-1

[Event "Calgary int."]
[Site "Calgary CAN"]
[Date "2017.08.07"]
[Round "9.7"]
[White "Kostadinov, Georgi"]
[Black "Chiku-Ratte, Olivier-Kenta"]
[Result "0-1"]
[WhiteElo "1997"]
[BlackElo "2332"]
[PlyCount "58"]
[EventDate "2017.08.02"]
[EventType "swiss"]
[EventRounds "9"]
[EventCountry "CAN"]

1. d4 Nf6 2. c4 g6 3. Nc3 Bg7 4. e4 d6 5. h3 O-O 6. Nf3 c5 7. Be3 cxd4 8. Nxd4
Nc6 9. Be2 Nxd4 10. Bxd4 Bd7 11. O-O Bc6 12. Qd3 Nd7 13. Bxg7 Kxg7 14. b3 Nc5
15. Qd4+ e5 16. Qe3 Ne6 17. Rac1 f5 18. f3 Nf4 19. Kh2 Qg5 20. g3 Nxh3 21. f4
Qh6 22. Kg2 fxe4 23. Nd5 Bxd5 24. cxd5 exf4 25. Rc7+ Kg8 26. Qc1 f3+ 27. Bxf3
exf3+ 28. Rxf3 Ng5 29. Re3 Qh3+ 0-1

[Event "Festival St-Denis"]
[Site "Montreal CAN"]
[Date "2017.07.22"]
[Round "1.3"]
[White "Chiku-Ratte, Olivier-Kenta"]
[Black "Kurtz, Eric M"]
[Result "1-0"]
[WhiteElo "2491"]
[BlackElo "2033"]
[PlyCount "91"]
[EventDate "2017.07.22"]
[EventType "swiss"]
[EventRounds "9"]
[EventCountry "CAN"]

1. d4 Nf6 2. c4 c5 3. d5 b5 4. Qc2 bxc4 5. e4 d6 6. Bxc4 g6 7. h3 Bg7 8. Nf3
O-O 9. O-O Ba6 10. Na3 Bxc4 11. Nxc4 Na6 12. Bf4 Nc7 13. Rad1 Nh5 14. Bh2 f5
15. e5 f4 16. Qa4 Qe8 17. Qa5 Qd7 18. b3 Rab8 19. Rfe1 Rb5 20. Qa4 Rd8 21. Na5
a6 22. Nc6 Re8 23. Na7 Ra8 24. Nxb5 axb5 25. Qe4 Rf8 26. exd6 exd6 27. Qe7 Rf7
28. Qxd7 Rxd7 29. a4 h6 30. axb5 Nxb5 31. g4 fxg3 32. fxg3 Nd4 33. Rd3 Bf6 34.
g4 Ng7 35. Nxd4 Bxd4+ 36. Kg2 h5 37. Rf3 Rd8 38. Re7 h4 39. Bg1 Be5 40. Bxc5
Ra8 41. Bf2 Ra2 42. b4 Rd2 43. b5 Rxd5 44. b6 Rb5 45. b7 Rb2 46. Rff7 1-0

[Event "Festival St-Denis"]
[Site "Montreal CAN"]
[Date "2017.07.23"]
[Round "2.3"]
[White "Duong, Thanh Nha"]
[Black "Chiku-Ratte, Olivier-Kenta"]
[Result "0-1"]
[WhiteElo "2251"]
[BlackElo "2492"]
[PlyCount "124"]
[EventDate "2017.07.22"]
[EventType "swiss"]
[EventRounds "9"]
[EventCountry "CAN"]

1. Nf3 Nf6 2. c4 g6 3. b4 Bg7 4. Bb2 O-O 5. g3 b6 6. Bg2 Bb7 7. O-O a6 8. d3 d6
9. Nbd2 Nbd7 10. a3 c5 11. Rb1 Qc7 12. Nb3 cxb4 13. axb4 Rac8 14. e4 e6 15. Re1
Rfd8 16. Qe2 Qb8 17. Bh3 b5 18. cxb5 axb5 19. Nfd4 Ba8 20. Rbc1 Qb6 21. Qe3
Rxc1 22. Rxc1 Ne5 23. Bf1 d5 24. Nc5 Nfg4 25. Qe2 h5 26. h3 Nh6 27. Bg2 dxe4
28. Bxe4 Bxe4 29. Qxe4 Rd5 30. Rd1 Nf5 31. Nxf5 gxf5 32. Qe2 h4 33. gxh4 Qd8
34. f4 Ng6 35. Bxg7 Kxg7 36. Qb2+ Kh6 37. Kh2 Qxh4 38. Rf1 Rd8 39. Qf2 Qxf2+
40. Rxf2 Rd4 41. Kg3 Rxb4 42. Rf1 Rd4 43. Rf3 Ne7 44. Nb3 Rb4 45. d4 Nd5 46.
Rd3 Rc4 47. Nd2 Rc3 48. Rxc3 Nxc3 49. Nb3 Kh5 50. Kf3 Kh4 51. Kg2 b4 52. Kf3
Kxh3 53. Nc5 Nd5 54. Nd3 b3 55. Nf2+ Kh2 56. Nd3 Nb4 57. Nb2 Nc2 58. d5 exd5
59. Ke2 Kg3 60. Kd3 Kxf4 61. Kc3 Ke3 62. Kxb3 Kd2 0-1

[Event "Festival St-Denis"]
[Site "Montreal CAN"]
[Date "2017.07.24"]
[Round "3.2"]
[White "Chiku-Ratte, Olivier-Kenta"]
[Black "Rodrigue-Lemieux, Shawn"]
[Result "1-0"]
[WhiteElo "2492"]
[BlackElo "2285"]
[PlyCount "121"]
[EventDate "2017.07.22"]
[EventType "swiss"]
[EventRounds "9"]
[EventCountry "CAN"]

1. d4 d5 2. c4 e6 3. Nc3 Be7 4. cxd5 exd5 5. Bf4 c6 6. Qc2 g6 7. e3 Bf5 8. Qd2
Nf6 9. f3 Nbd7 10. g4 Be6 11. Bd3 b5 12. Bg3 Nb6 13. b3 a5 14. Kf2 O-O 15. h4
Re8 16. Kg2 a4 17. Nh3 axb3 18. axb3 Rxa1 19. Rxa1 Bb4 20. Nf2 Qe7 21. Qc2 Qb7
22. h5 Bf8 23. hxg6 fxg6 24. Be5 Nbd7 25. Rh1 Bf7 26. Bf4 Bg7 27. Nh3 Nf8 28.
Ng5 Ne6 29. Nxe6 Rxe6 30. Be5 Nd7 31. Bxg7 Kxg7 32. Ne2 Nf6 33. Qd2 Re8 34. Ng3
Qe7 35. e4 dxe4 36. Qh6+ Kh8 37. Nxe4 Bg8 38. Qxg6 Nd5 39. Qh6 Rf8 40. Bc2 Nf4+
41. Kf2 Ne6 42. Qe3 Qg7 43. Rd1 Rd8 44. Ng3 Qc7 45. Qc3 Qb6 46. Qe3 Qc7 47. Qc3
Qb6 48. b4 Nf4 49. Be4 Bd5 50. Qe3 Qc7 51. Rh1 Bxe4 52. Qxe4 Ra8 53. Rc1 Nh3+
54. Kg2 Nf4+ 55. Kh1 Rc8 56. Nf5 Nd5 57. Re1 Rf8 58. Qe8 Qb8 59. Qd7 Qc7 60.
Re8 Rg8 61. Rxg8+ 1-0

[Event "Festival St-Denis"]
[Site "Montreal CAN"]
[Date "2017.07.25"]
[Round "4.1"]
[White "Chiku-Ratte, Olivier-Kenta"]
[Black "Sambuev, Bator"]
[Result "1/2-1/2"]
[WhiteElo "2492"]
[BlackElo "2626"]
[PlyCount "45"]
[EventDate "2017.07.22"]
[EventType "swiss"]
[EventRounds "9"]
[EventCountry "CAN"]

1. d4 e6 2. c4 Bb4+ 3. Nc3 f5 4. g3 Nf6 5. Bg2 O-O 6. Nf3 Ne4 7. Qc2 c5 8. O-O
Bxc3 9. bxc3 Nc6 10. d5 Na5 11. dxe6 d6 12. Nh4 Bxe6 13. Nxf5 Bxf5 14. Bxe4 Qd7
15. Bd5+ Kh8 16. e4 Bg6 17. f3 h6 18. Kg2 Rf6 19. Be3 Bf7 20. Qd3 Qa4 21. Qd1
Qd7 22. Qd3 Qa4 23. Qd1 1/2-1/2

[Event "Festival St-Denis"]
[Site "Montreal CAN"]
[Date "2017.07.26"]
[Round "5.1"]
[White "Bakre, Tejas"]
[Black "Chiku-Ratte, Olivier-Kenta"]
[Result "1/2-1/2"]
[WhiteElo "2449"]
[BlackElo "2492"]
[PlyCount "70"]
[EventDate "2017.07.22"]
[EventType "swiss"]
[EventRounds "9"]
[EventCountry "CAN"]

1. d4 Nf6 2. Bg5 c5 3. Nc3 Qa5 4. Bxf6 gxf6 5. d5 f5 6. e3 Bg7 7. Nge2 O-O 8.
g3 b5 9. Qd2 d6 10. Nf4 b4 11. Nd1 Nd7 12. Nh5 Ne5 13. Be2 Ba6 14. Nxg7 Bxe2
15. Qxe2 Kxg7 16. f4 Ng6 17. Qd3 e6 18. dxe6 fxe6 19. Qxd6 Rad8 20. Qc6 b3+ 21.
c3 bxa2 22. O-O Qb6 23. Qxb6 axb6 24. Rxa2 Rd3 25. Ra7+ Rf7 26. Ra6 Rfd7 27.
Nf2 Rxe3 28. Rxb6 Rd2 29. Nh3 Ree2 30. Rf2 Rxf2 31. Nxf2 e5 32. Nh3 h6 33. Rb7+
Kf6 34. Rb6+ Kg7 35. Rb7+ Kf6 1/2-1/2

[Event "Festival St-Denis"]
[Site "Montreal CAN"]
[Date "2017.07.27"]
[Round "6.2"]
[White "Chiku-Ratte, Olivier-Kenta"]
[Black "Huang, Qiuyu"]
[Result "1-0"]
[WhiteElo "2492"]
[BlackElo "2265"]
[PlyCount "75"]
[EventDate "2017.07.22"]
[EventType "swiss"]
[EventRounds "9"]
[EventCountry "CAN"]

1. d4 d5 2. c4 e6 3. Nc3 Nf6 4. cxd5 exd5 5. Bg5 c6 6. Qc2 Be7 7. e3 Nbd7 8.
Bd3 h6 9. Bh4 Nh5 10. Bxe7 Qxe7 11. O-O-O Nb6 12. h3 Be6 13. g4 Nf6 14. f4
O-O-O 15. Nf3 Kb8 16. Kb1 Rc8 17. Rhe1 c5 18. f5 Bd7 19. Qh2+ Ka8 20. Ne5 Na4
21. Qd2 Nxc3+ 22. bxc3 Ba4 23. Rc1 c4 24. Bf1 Ne4 25. Qb2 h5 26. Bg2 Rh6 27.
Ka1 Rb6 28. Qe2 Ra6 29. Bxe4 dxe4 30. Rb1 Bb3 31. Rb2 f6 32. Ng6 Qa3 33. Qd2
Rcc6 34. Nf4 Bxa2 35. Rxa2 Qb3 36. Nd5 Ra3 37. Rb1 Qa4 38. Qb2 1-0

[Event "Festival St-Denis"]
[Site "Montreal CAN"]
[Date "2017.07.29"]
[Round "8.2"]
[White "Mikhalevski, Victor"]
[Black "Chiku-Ratte, Olivier-Kenta"]
[Result "1-0"]
[WhiteElo "2600"]
[BlackElo "2492"]
[PlyCount "289"]
[EventDate "2017.07.22"]
[EventType "swiss"]
[EventRounds "9"]
[EventCountry "CAN"]

1. d4 Nf6 2. c4 g6 3. Nc3 Bg7 4. e4 d6 5. Be2 O-O 6. Nf3 c5 7. d5 e6 8. O-O
exd5 9. exd5 Re8 10. Bd3 a6 11. h3 Nbd7 12. a4 b6 13. Bf4 Qc7 14. Bh2 Bb7 15.
a5 bxa5 16. Qa4 Bf8 17. Qxa5 Qxa5 18. Rxa5 Be7 19. Ra3 Reb8 20. Re1 Bf8 21. Bc2
Bc8 22. b3 Bb7 23. Kf1 Re8 24. Rd1 Rab8 25. g4 h6 26. Kg2 Bc8 27. Ng1 Ne5 28.
Nge2 Kh7 29. f3 Bg7 30. Rf1 Rb6 31. Bf4 h5 32. Bd2 hxg4 33. hxg4 Kg8 34. Ng3
Nh7 35. Re1 Kf8 36. Nce4 f5 37. gxf5 gxf5 38. Nf2 Ng6 39. Rh1 Nf6 40. Bxf5 Bxf5
41. Nxf5 Reb8 42. Rh3 Ne7 43. Nxe7 Kxe7 44. f4 Kf7 45. Re3 Ne8 46. Ne4 Bb2 47.
Ra2 Bd4 48. Rd3 Rxb3 49. Rxb3 Rxb3 50. Rxa6 Kg6 51. Ra8 Nf6 52. f5+ Kxf5 53.
Nxd6+ Ke5 54. Nf7+ Ke4 55. Ra2 Nxd5 56. Ng5+ Ke5 57. Nf3+ Ke4 58. Ng5+ Ke5 59.
Nf3+ Ke4 60. Nxd4 cxd4 61. cxd5 Kxd5 62. Kf2 Ke4 63. Ke2 Rh3 64. Ra8 Rh2+ 65.
Kd1 Kd3 66. Ra3+ Ke4 67. Kc2 Rg2 68. Rh3 Rf2 69. Rh4+ Kd5 70. Kd3 Rf3+ 71. Ke2
Ra3 72. Rh8 Rb3 73. Rd8+ Ke4 74. Re8+ Kd5 75. Bg5 Rb6 76. Kd3 Rb3+ 77. Kc2 Rb6
78. Bh4 Ra6 79. Rf8 Kc4 80. Rc8+ Kd5 81. Rb8 Kc4 82. Rc8+ Kd5 83. Kd3 Ra3+ 84.
Ke2 Re3+ 85. Kd2 Rf3 86. Rd8+ Kc4 87. Rc8+ Kd5 88. Ra8 Kc4 89. Ra4+ Kd5 90. Ra8
Kc4 91. Ra4+ Kd5 92. Ra6 Rf4 93. Bg3 Rf3 94. Ra5+ Kc4 95. Be1 Rd3+ 96. Kc2 Re3
97. Ra4+ Kd5 98. Kd2 Rf3 99. Bh4 Rf4 100. Bd8 Rf2+ 101. Kd3 Rf3+ 102. Ke2 Re3+
103. Kd2 Re6 104. Bg5 Ke4 105. Be3 Rd6 106. Bg1 Rd7 107. Ra8 Rd5 108. Rh8 Rf5
109. Ke2 d3+ 110. Kd2 Rd5 111. Rh4+ Ke5 112. Kc3 Kf5 113. Bd4 d2 114. Kxd2 Ke6
115. Ke3 Kd7 116. Ke4 Rb5 117. Rh7+ Kc8 118. Rg7 Ra5 119. Be5 Rb5 120. Bd6 Kd8
121. Kd4 Rh5 122. Be5 Rh6 123. Kd5 Ke8 124. Bd6 Rh5+ 125. Kc6 Rh6 126. Re7+ Kd8
127. Re2 Rf6 128. Re1 Rg6 129. Ra1 Ke8 130. Rf1 Rg8 131. Rf2 Rh8 132. Rf6 Rg8
133. Kd5 Kd7 134. Rf7+ Kd8 135. Be7+ Ke8 136. Ke6 Rg6+ 137. Bf6 Rg2 138. Re7+
Kf8 139. Ra7 Re2+ 140. Be5 Kg8 141. Rg7+ Kf8 142. Rh7 Rg2 143. Ra7 Rg6+ 144.
Bf6 Kg8 145. Ra8+ 1-0

[Event "Festival St-Denis"]
[Site "Montreal CAN"]
[Date "2017.07.30"]
[Round "9.4"]
[White "Chiku-Ratte, Olivier-Kenta"]
[Black "Haji Ghanbari, Nader"]
[Result "1-0"]
[WhiteElo "2492"]
[BlackElo "1859"]
[PlyCount "77"]
[EventDate "2017.07.22"]
[EventType "swiss"]
[EventRounds "9"]
[EventCountry "CAN"]

1. d4 d5 2. c4 c6 3. Nf3 Nf6 4. e3 a6 5. Nc3 Bf5 6. Be2 h6 7. Bd3 Bxd3 8. Qxd3
e6 9. O-O dxc4 10. Qxc4 b5 11. Qe2 Nbd7 12. e4 Be7 13. e5 Nd5 14. a4 b4 15.
Nxd5 cxd5 16. Bf4 O-O 17. Rfc1 b3 18. Rc3 Nb6 19. Nd2 Bb4 20. Rg3 Bxd2 21. Bxd2
Kh7 22. Qh5 Rg8 23. Qxf7 Qe8 24. Qxe8 Rgxe8 25. Rxb3 Nc4 26. Bc3 a5 27. Kf1 Re7
28. Rb5 Rc7 29. Ke2 Rac8 30. Kd3 Rc6 31. Be1 h5 32. Ra2 Kg6 33. b3 Nb6 34. Bxa5
Nd7 35. Rb7 Nf8 36. Bd2 Nh7 37. h4 Nf8 38. a5 Ra8 39. Rc2 1-0

[Event "Laval op"]
[Site "Laval CAN"]
[Date "2017.06.23"]
[Round "1.1"]
[White "Chiku-Ratte, Olivier-Kenta"]
[Black "Trahan, Daniel"]
[Result "1-0"]
[WhiteElo "2312"]
[BlackElo "1958"]
[PlyCount "63"]
[EventDate "2017.06.23"]
[EventType "swiss"]
[EventRounds "5"]
[EventCountry "CAN"]

1. d4 Nf6 2. c4 e6 3. Nc3 Bb4 4. f3 O-O 5. a3 Bxc3+ 6. bxc3 d5 7. cxd5 exd5 8.
e3 Bf5 9. Ne2 Re8 10. g4 Bg6 11. Nf4 Qd6 12. Kf2 Nfd7 13. h4 h6 14. Nxg6 Qxg6
15. Bd3 Qd6 16. Bd2 c5 17. g5 h5 18. Qb1 Nc6 19. g6 fxg6 20. Bxg6 Rf8 21. Bxh5
Nf6 22. Bg6 Ne4+ 23. Bxe4 dxe4 24. Qa2+ Kh8 25. f4 Rad8 26. Rad1 b5 27. h5 Rf5
28. Qc2 Re8 29. Bc1 a5 30. Qe2 Ne7 31. Qxb5 cxd4 32. Qxe8+ 1-0

[Event "Laval op"]
[Site "Laval CAN"]
[Date "2017.06.24"]
[Round "2.1"]
[White "Saha, Ananda"]
[Black "Chiku-Ratte, Olivier-Kenta"]
[Result "0-1"]
[WhiteElo "2013"]
[BlackElo "2312"]
[PlyCount "53"]
[EventDate "2017.06.23"]
[EventType "swiss"]
[EventRounds "5"]
[EventCountry "CAN"]

1. Nf3 Nf6 2. d4 g6 3. c3 Bg7 4. e3 O-O 5. Bd3 d6 6. O-O c5 7. h3 b6 8. Re1 Bb7
9. Nbd2 Nc6 10. Nf1 Qc7 11. Ng3 d5 12. dxc5 bxc5 13. e4 d4 14. e5 Nd7 15. cxd4
Nxd4 16. Nxd4 cxd4 17. f4 Nc5 18. Ne4 Qc6 19. b4 Nxd3 20. Qxd3 f6 21. Qxd4 fxe5
22. fxe5 Rad8 23. Qb2 Rd5 24. Bd2 Rxe5 25. Bc3 Rxe4 26. Bxg7 Rxb4 27. Qd2 0-1

[Event "Laval op"]
[Site "Laval CAN"]
[Date "2017.06.24"]
[Round "3.1"]
[White "Chiku-Ratte, Olivier-Kenta"]
[Black "Huang, Qiuyu"]
[Result "1-0"]
[WhiteElo "2312"]
[BlackElo "2034"]
[PlyCount "79"]
[EventDate "2017.06.23"]
[EventType "swiss"]
[EventRounds "5"]
[EventCountry "CAN"]

1. d4 d5 2. c4 e6 3. Nc3 Nf6 4. cxd5 exd5 5. Bg5 c6 6. e3 Bf5 7. Qf3 Bg6 8.
Bxf6 Qxf6 9. Qxf6 gxf6 10. Nf3 Nd7 11. O-O-O Nb6 12. Nh4 Be7 13. Bd3 Nc8 14.
Ne2 Nd6 15. Ng3 Rg8 16. Rhg1 a5 17. Ngf5 a4 18. g4 Nc4 19. Rde1 Bb4 20. Re2 Kd7
21. Kb1 Ra5 22. Nf3 Rga8 23. Rc1 Bf8 24. N3h4 b5 25. h3 R5a7 26. Ng2 Na5 27.
Nf4 Bb4 28. h4 Nb3 29. Rd1 Na5 30. h5 Bxf5 31. Bxf5+ Kd8 32. Bxh7 a3 33. Nd3
Bf8 34. b3 Nb7 35. Rc1 Kd7 36. Bf5+ Kd6 37. Rec2 Na5 38. Nb4 Rc7 39. Rc5 Re8
40. Nxd5 1-0

[Event "Laval op"]
[Site "Laval CAN"]
[Date "2017.06.25"]
[Round "4.1"]
[White "Sprumont, Oscar"]
[Black "Chiku-Ratte, Olivier-Kenta"]
[Result "0-1"]
[WhiteElo "2034"]
[BlackElo "2312"]
[PlyCount "108"]
[EventDate "2017.06.23"]
[EventType "swiss"]
[EventRounds "5"]
[EventCountry "CAN"]

1. Nf3 Nf6 2. c4 g6 3. g3 Bg7 4. Bg2 O-O 5. O-O d6 6. d4 c5 7. Nc3 Nc6 8. dxc5
dxc5 9. Bf4 Nd7 10. Qc1 Qa5 11. Nd5 e6 12. Bd2 Qd8 13. Nc3 a6 14. Bh6 Qe7 15.
Rd1 Rb8 16. Ne4 e5 17. Nd6 Nd4 18. Nxd4 exd4 19. Bxg7 Kxg7 20. Nxc8 Rfxc8 21.
e3 dxe3 22. Qxe3 Qxe3 23. fxe3 Ne5 24. b3 Rc7 25. h3 Kf8 26. Kf1 Ke7 27. Ke2 f6
28. Rd2 b5 29. Bd5 bxc4 30. Bxc4 Nxc4 31. bxc4 Rb4 32. Rc1 Rd7 33. Rcc2 a5 34.
Rd3 a4 35. Rxd7+ Kxd7 36. Kd3 Rb1 37. Ke4 Ke6 38. g4 f5+ 39. gxf5+ gxf5+ 40.
Kf3 Rf1+ 41. Kg2 Rd1 42. Kf3 Ke5 43. h4 Rd3 44. Rg2 h6 45. Rg6 f4 46. Rxh6
Rxe3+ 47. Kf2 Ra3 48. Rh8 Rxa2+ 49. Kf3 Ra3+ 50. Kf2 Ra1 51. h5 a3 52. h6 a2
53. h7 Rh1 54. Re8+ Kd4 0-1

[Event "Laval op"]
[Site "Laval CAN"]
[Date "2017.06.25"]
[Round "5.1"]
[White "Chiku-Ratte, Olivier-Kenta"]
[Black "Broday, Gabriel Renan"]
[Result "1-0"]
[WhiteElo "2312"]
[BlackElo "2082"]
[PlyCount "107"]
[EventDate "2017.06.23"]
[EventType "swiss"]
[EventRounds "5"]
[EventCountry "CAN"]

1. d4 d5 2. c4 c6 3. Nf3 Nf6 4. e3 e6 5. Bd3 dxc4 6. Bxc4 b5 7. Bd3 Bb7 8. O-O
Nbd7 9. a4 a6 10. e4 Be7 11. e5 Nd5 12. Nc3 b4 13. Nxd5 cxd5 14. Qe2 a5 15. b3
Qb6 16. Be3 O-O 17. h4 Rfc8 18. Rac1 Nf8 19. Rxc8 Rxc8 20. Bd2 Bc6 21. Rc1 Rc7
22. Kh2 Be8 23. Rxc7 Qxc7 24. Bb5 Bxb5 25. Qxb5 Bd8 26. g3 Qd7 27. Qd3 Qc6 28.
h5 h6 29. Ne1 Nd7 30. f4 Nb8 31. g4 Qa6 32. Qf3 Nc6 33. Be3 Bb6 34. Qf2 Qa7 35.
Nf3 Qd7 36. Nh4 Qa7 37. Nf3 Qd7 38. Qc2 Ne7 39. Qd3 Qc6 40. Bd2 g6 41. hxg6
fxg6 42. Nh4 Kf7 43. f5 exf5 44. gxf5 gxf5 45. Nxf5 Nxf5 46. Qxf5+ Kg7 47. e6
Bc7+ 48. Kh3 Qe8 49. Qxd5 Qg6 50. Qd7+ Kf6 51. Qxc7 Qf5+ 52. Kg3 Qd3+ 53. Kh4
Kxe6 54. Qe5+ 1-0